MARC

LEADER 00000nam0a2200000 4500
001 291603
005 20231102000415.0
035 |a (RuTPU)RU\TPU\book\316181 
090 |a 291603 
100 |a 20150415d1966 m y0rusy50 ca 
101 0 |a rus 
102 |a RU 
105 |a a j 000zy 
200 1 |a Акустика горных пород  |e сборник лабораторных работ  |f Московский горный институт (МГИ) 
210 |a Москва  |c Изд-во МГИ  |d 1966 
215 |a 47 с.  |c ил. 
606 |a Горные породы  |x Структура  |2 stltpush  |3 (RuTPU)RU\TPU\subj\8067  |9 35559 
610 1 |a упругие волны 
610 1 |a распространение 
610 1 |a расчет 
610 1 |a ультразвук 
610 1 |a затухание 
610 1 |a дефектоскопия 
610 1 |a сейсмоакустические явления 
610 1 |a изучение 
610 1 |a геофон 
610 1 |a лабораторные работы 
675 |a 552.122(076.5)  |v 3 
712 0 2 |a Московский горный институт (МГИ)  |c (1930-1962, 1966-1993)  |2 stltpush  |3 (RuTPU)RU\TPU\col\3944 
801 1 |a RU  |b 63413507  |c 20150415 
801 2 |a RU  |b 63413507  |c 20170502  |g RCR 
942 |c BK